000 002980000a22001450004500
001 005749
003 MACL
040 _aMACL
090 _c12921
_d12920
245 _aSiyanat ul Anaas
_bFazl e Rasool Badayuni
260 _c1270
350 _a1.25
650 _aUrdu Literature
942 _k891
_cBook
999 _c12848
_d12848